The Animator's Survival Kit, A Manual of Methods, Principles and Formulas: (Record no. 6369)

000 -LEADER
fixed length control field 00381nam a2200133Ia 4500
008 - FIXED-LENGTH DATA ELEMENTS--GENERAL INFORMATION
fixed length control field 190704s9999||||xx |||||||||||||| ||und||
020 ## - INTERNATIONAL STANDARD BOOK NUMBER
International Standard Book Number 9780571202287
082 ## - DEWEY DECIMAL CLASSIFICATION NUMBER
Classification number 791.433
Item number WIL/T
100 ## - MAIN ENTRY--PERSONAL NAME
Personal name Williams, Richard
245 #4 - TITLE STATEMENT
Title The Animator's Survival Kit, A Manual of Methods, Principles and Formulas:
260 ## - PUBLICATION, DISTRIBUTION, ETC.
Place of publication, distribution, etc. New yark
Name of publisher, distributor, etc. Faber and Faber
Date of publication, distribution, etc. 2001
300 ## - PHYSICAL DESCRIPTION
Extent 342p.
942 ## - ADDED ENTRY ELEMENTS (KOHA)
Koha item type Book

No items available.

All Rights Reserved@MUIT

Powered by Koha